[Event "NOR-chT Eliteserien 2021-22"]
[Site "Norway"]
[Date "2022.02.05"]
[Round "5.1"]
[White "Yilmaz, Mustafa"]
[Black "Lovik, Lasse Ostebo"]
[Result "1-0"]
[WhiteElo "2627"]
[BlackElo "2368"]
[Annotator "TA"]
[PlyCount "41"]
[EventDate "2021.10.29"]
[EventType "team-tourn"]
[EventCountry "NOR"]
[SourceTitle "playchess.com"]
[Source "ChessBase"]
[SourceQuality "1"]

{[%evp 17,41,25,22,25,29,28,43,37,48,44,48,5,5,5,172,156,380,372,373,373,387,379,1269,1217,29988,506]} 1. d4 d5 2. c4 c6 3. Nf3 Nf6 4. e3 e6 5. Bd3 Nbd7 6. O-O Be7 7. Nc3 b6 8. b3 Bb7 9. Bb2 O-O 10. Re1 {D46: Semi-Slav: 5 e3 Nbd7 6 Bd3, Black avoids the Meran.} (10. Rc1 {keeps more tension.} Rc8 11. Re1 Bd6 12. e4 Nxe4 13. Nxe4 dxe4 14. Bxe4 Nf6 15. Qc2) 10... c5 11. cxd5 cxd4 12. Nxd4 {White is slightly better.} Nxd5 13. Nxd5 ({Much weaker is} 13. Qh5 g6 14. Qh3 Nc5 $11) 13... Bxd5 {[#]} 14. e4 $146 (14. Qc2 $14) ({Predecessor:} 14. Rc1 Rc8 15. Qe2 Rxc1 16. Rxc1 Nc5 17. Bb1 Qd7 18. Rd1 Qc8 19. Nf3 Be4 20. Bxe4 Nxe4 {0-1 (52) Diehlmann,C (1901)-Stepa,R (1770) Germany 2013}) 14... Bb7 $11 15. e5 {[%cal Od4e6]} Qb8 $2 (15... Nc5 $11 {and Black has nothing to worry.}) 16. Qh5 $40 {[%csl Gd3][%cal Rh5h7][%mdl 128] Black is in trouble.} h6 {[#] Black cannot hold the game after this.} (16... g6 $16 17. Qh6 Rc8) 17. Nxe6 $1 $18 {[%mdl 512]} fxe6 18. Qg6 {White wants to mate with Qh7+.} Bc5 19. Qxe6+ Kh8 $2 (19... Rf7) 20. Qg6 {[%csl Gd3][%cal Rg6h7] Active counter play!} ({Wrong is} 20. Qxd7 $2 Rxf2 21. Be4 Rd2+ 22. Bd4 Rxd4 $19) 20... Kg8 21. Qh7+ {Weighted Error Value: White=0.06 (flawless) /Black=1.12} 1-0

[Event "NOR-chT Eliteserien 2021-22"]
[Site "Norway"]
[Date "2022.02.05"]
[Round "5.1"]
[White "Notkevich, Benjamin Arvola"]
[Black "Djurhuus, Rune"]
[Result "1-0"]
[WhiteElo "2481"]
[BlackElo "2403"]
[Annotator "TA"]
[PlyCount "103"]
[EventDate "2021.10.29"]
[EventType "team-tourn"]
[EventCountry "NOR"]
[SourceTitle "playchess.com"]
[Source "ChessBase"]
[SourceQuality "1"]

{[%evp 9,103,15,25,11,31,23,22,18,56,43,98,70,90,77,52,52,92,79,78,48,83,78,101,50,164,152,154,90,100,100,95,43,24,26,116,114,131,156,146,133,133,158,285,283,278,270,404,420,423,339,393,387,428,398,539,507,500,519,438,406,318,327,405,402,599,599,895,376,592,592,11709,11560,11128,9929,5094,5094,1613,1311,599,599,599,592,29962,29963,29976,29977,29977,29977,29979,29980,29979,29980,29982,29983,29983,29983]} 1. d4 e6 2. c4 f5 3. Nf3 Nf6 4. Bf4 Be7 5. Nc3 O-O 6. e3 {A85: Dutch Defence: 2 c4 Nf6 3 Nc3.} Nh5 7. Bd3 d6 8. Qe2 {[#] The position is equal.} Nd7 $146 ({Predecessor:} 8... Nc6 9. O-O-O Bf6 10. Bc2 Re8 11. h3 Nxf4 12. exf4 Bd7 13. Qd2 a6 14. g4 b5 {0-1 (39) Stewart,N (2300)-Marchio,E (2336) Germany 2010}) 9. O-O-O c5 (9... Ndf6 $14) 10. h3 cxd4 11. Nxd4 Nxf4 12. exf4 Nc5 13. Bc2 {White is more active.} Bf6 14. Qe3 (14. g4 $5 {[%cal Rg4g5]}) 14... Qb6 15. g4 {[%cal Rg4f5]} Bd7 16. gxf5 (16. g5 $16 Bxd4 17. Rxd4) 16... e5 ({Reject} 16... exf5 17. Ndb5 (17. Nd5 Qa6 $14) 17... Bxb5 18. Nxb5 $15) (16... Rae8 $14) 17. fxe5 $18 dxe5 18. Nb3 (18. Ndb5 $142 $1 {Threatens to win with Rd6.} Bc6 19. Nd5 Bxd5 20. Rxd5) 18... Nxb3+ $16 19. axb3 Bc6 20. Qxb6 ({White should try} 20. Rhg1 $16) 20... axb6 $14 21. Be4 Bg5+ {White now steadily converts the win.} (21... Bxe4 $1 $11 22. Nxe4 Bh4) 22. Kc2 $16 Bxe4+ 23. Nxe4 Rxf5 24. Rd7 {And now Rg1 would win.} Bh4 25. Rxb7 Bxf2 (25... Rf4 $16) 26. Rf1 $18 Raf8 27. b4 $1 (27. Nxf2 Rxf2+ 28. Rxf2 Rxf2+ 29. Kc1 Rf6 $16) 27... Rf4 (27... g6 {might work better.} 28. Rxf2 (28. Nxf2 e4 $16) 28... Rxf2+ 29. Nxf2 Rxf2+ 30. Kb3 Rf3+ 31. Ka4 Rf2) 28. Rxf2 ({Less strong is} 28. Nxf2 Rxc4+ 29. Kd2 Rxb4 $16) 28... Rxe4 29. Rxf8+ Kxf8 {[%mdl 4096] Endgame KR-KR} 30. Kd3 Rd4+ 31. Kc3 Rd6 32. c5 bxc5 33. bxc5 Rd1 34. Kc4 e4 {[#] ...e3 is the strong threat.} 35. Rb3 Rd2 {[#]} 36. Re3 $1 Rxb2 (36... Rc2+ $142 37. Kd5 Rxb2) 37. Rxe4 Rc2+ 38. Kd5 (38. Kb5 $142 Rb2+ 39. Ka6) 38... Kf7 (38... Rd2+ $142 39. Kc4 Ra2) 39. c6 {Strongly threatening Kd6.} g5 40. Kd6 Rd2+ 41. Kc5 Rc2+ 42. Kb6 {White wants to mate with Re5.} Rb2+ 43. Ka7 {Intending c7 and mate.} Ra2+ 44. Kb7 {White threatens Rb4 and mate.} Rb2+ 45. Kc8 {Hoping for c7.} h5 {[%cal Og5g4]} 46. c7 {White mates.} Kf6 47. Kd7 Rd2+ 48. Kc6 Rc2+ 49. Kd6 g4 50. hxg4 Rxc7 51. Kxc7 h4 52. Re8 {Weighted Error Value: White=0.16 (very precise) /Black=0.50} 1-0

[Event "NOR-chT Eliteserien 2021-22"]
[Site "Norway"]
[Date "2022.02.05"]
[Round "5.2"]
[White "Sjoberg, Isak"]
[Black "Vestby-Ellingsen, Mads"]
[Result "1-0"]
[WhiteElo "2322"]
[BlackElo "2368"]
[Annotator "TA"]
[PlyCount "107"]
[EventDate "2021.10.29"]
[EventType "team-tourn"]
[EventCountry "NOR"]
[SourceTitle "playchess.com"]
[Source "ChessBase"]
[SourceQuality "1"]

{[%evp 11,107,21,19,19,27,14,17,8,20,-10,86,56,129,124,122,112,123,112,96,87,114,95,93,91,104,86,112,116,124,117,144,136,146,152,161,161,158,152,156,156,175,175,302,302,347,356,349,305,303,307,303,295,289,291,289,282,299,288,329,316,310,233,239,204,245,178,226,247,432,429,769,816,1054,720,1039,907,2678,2482,29979,29980,29979,29972,29987,29988,29990,29991,29991,29992,29992,29991,29994,29994,29994,29994,29994,29995,29995,29996]} 1. e4 c5 2. Nf3 Nc6 3. Bb5 e6 4. Bxc6 bxc6 5. d3 Qc7 6. O-O Ne7 {6...d6 is not played anymore.} 7. Nh4 {B30: Sicilian: 2...Nc6 3 Bb5, lines without ...g6.} Ng6 8. Nxg6 hxg6 {[%csl Gh8][%cal Rc7h2] [#]} 9. h3 $146 {The position is equal.} ({Predecessor:} 9. f4 c4 10. Be3 Ba6 11. dxc4 Bxc4 12. Rf2 Ba6 13. Nd2 c5 14. c3 Be7 15. Qc2 {½-½ (38) Marusenko,P (2321)-Wells,P (2517) Caerleon 2007}) 9... d5 10. c4 dxe4 (10... Bd6 $11) 11. dxe4 $16 Rh4 (11... Be7 $14) 12. Nc3 {[%cal Bb1c3,Bc3e2,Be2g3][%mdl 32]} f6 13. f4 {[%cal Bf2f4,Bf4f5][%mdl 32]} e5 {[%cal Re5f4]} 14. Qe1 Rh5 15. Ne2 Bd6 16. Ng3 Rh8 17. f5 {Inhibits Be6.} g5 18. Be3 Rh4 19. Rd1 Ba6 20. b3 O-O-O 21. Qf2 Qa5 22. Rd3 Rhh8 23. Rfd1 Be7 24. Rxd8+ Rxd8 25. Rxd8+ Qxd8 26. Bxc5 Bxc5 (26... Qc7 $142 27. Qe3 (27. Bxa7 c5 $17) 27... Kb8) 27. Qxc5 $18 Bb7 28. Qxa7 g4 29. hxg4 Qd1+ 30. Nf1 Qxg4 31. Qe3 Kb8 32. Qf3 Qh4 33. g3 Qg5 34. Ne3 c5 35. Kf2 {And now Qh1 would win.} Qh6 {Prevents Qh1.} 36. a3 Qh2+ {[#]} 37. Qg2 $1 Qh8 38. b4 cxb4 (38... Qe8 $142 39. Kf3 (39. bxc5 Qc6 $16) 39... g6) 39. axb4 Qd8 $2 (39... Kc7 40. Kf3 Qh5+ 41. g4 Qh8 42. Nd5+ Bxd5 43. cxd5 (43. exd5 Qh6 $16) 43... Qh6 44. Qc2+ Kd8) 40. Nd5 Bxd5 (40... Qe8 $142 41. Qf1 Qa4) 41. cxd5 {[%mdl 4096] Endgame KQ-KQ} ({Less strong is} 41. exd5 Qb6+ 42. Kf1 Qxb4 $14) 41... Qb6+ 42. Kf3 Qxb4 43. Qc2 Qb5 44. Kg4 {d6 would kill now.} Kb7 45. d6 {White mates.} Ka6 46. Kh4 Qf1 47. d7 g6 48. fxg6 Qh1+ 49. Kg4 f5+ 50. exf5 e4 51. Qc6+ Ka7 52. Qc7+ Ka6 53. d8=Q {[%csl Gd8][%cal Rc7b6]} Qf3+ 54. Kg5 {Black got outplayed after the opening.  Weighted Error Value: White=0.07 (flawless) /Black=0.42} 1-0

[Event "NOR-chT Eliteserien 2021-22"]
[Site "Norway"]
[Date "2022.02.05"]
[Round "5.2"]
[White "Bern, Ivar"]
[Black "Romanov, Evgeny"]
[Result "0-1"]
[WhiteElo "2312"]
[BlackElo "2561"]
[Annotator "TA"]
[PlyCount "74"]
[EventDate "2021.10.29"]
[EventType "team-tourn"]
[EventCountry "NOR"]
[SourceTitle "playchess.com"]
[Source "ChessBase"]
[SourceQuality "1"]

{[%evp 9,74,14,10,11,22,8,41,52,59,67,59,50,44,47,64,-10,0,-6,-7,-30,-16,-89,-82,-70,-56,-79,-77,-85,-81,-91,-106,-67,-61,-191,-108,-137,-115,-128,-104,-105,-102,-137,-105,-87,-50,-111,0,-117,-114,-123,-98,-120,-97,-87,-87,-177,-178,-216,-215,-393,-362,-491,-491,-12832,-12820,-29994,-29995]} 1. c4 e5 2. Nc3 Bb4 3. Nd5 a5 4. Nf3 d6 5. a3 Bc5 6. e3 {A21: English Opening: 1...e5 2 Nc3.} e4 $5 {[%mdl 4] Leaves trodden paths.} 7. d4 {[#]} Ba7 $146 ({Predecessor:} 7... exf3 8. dxc5 fxg2 9. Bxg2 dxc5 10. Qh5 Nd7 11. Bd2 c6 12. Nf4 g6 13. Qe2 Ngf6 {½-½ (52) Schindler,S (1926)-Grube,A (2170) GER email 2007}) 8. Nd2 {White is slightly better.} c6 9. Nc3 ({Much weaker is} 9. Nxe4 cxd5 10. cxd5 Bf5 11. Bb5+ Kf8 $17) 9... d5 10. b4 Nf6 11. Nb3 Bg4 12. f3 (12. Qc2 $14) 12... exf3 $11 13. gxf3 axb4 14. axb4 Bh5 15. cxd5 (15. Be2 $11) 15... Nxd5 $17 16. Nxd5 cxd5 17. Bg2 Qh4+ $1 18. Kf1 O-O 19. Qe1 Qf6 20. Kf2 Nc6 21. b5 {[#]} (21. Rf1 $1 $15) 21... Ne7 ({Better is} 21... Ne5 $1 $19 {[%cal Re5d3][%mdl 512] Hoping for ...Nd3+.} 22. dxe5 Qh4+ 23. Kf1 Qc4+ 24. Kf2 Qxb3) 22. Rf1 Nf5 {[%cal Be7f5,Bf5h4,Bh4f5][%mdl 32]} 23. Kg1 Bb6 24. Rxa8 Rxa8 25. f4 Rd8 26. Nc5 Nh4 27. Bh1 {[#]} (27. Qf2 $1 $15) 27... Qe7 (27... Bg4 $1 $17 {[%cal Rg4h3] And now ...Bh3 would win.} 28. Qg3 Be2) 28. Nd3 (28. f5 $1 $11 Qf6 29. Nxb7) 28... Nf5 {Black is much more active.} 29. Bg2 Qe8 $36 {[%mdl 2048] Black is really pushing.} 30. Bh3 Bg6 31. Ne5 Qxb5 32. Nxg6 (32. Bd2 $17 {was necessary.}) 32... hxg6 $19 ({And not} 32... fxg6 33. Qc3 $15) 33. Bxf5 gxf5 34. Qh4 $2 (34. Rf2 {is a better defense.}) 34... Rc8 35. Ba3 Rc6 {White must now prevent ...Rg6+.} 36. Qe7 (36. Qf2 $142 Qd3 37. Bb4) 36... Qe2 {( -> ...Rc2)} 37. Bd6 Rc2 {Weighted Error Value: White=0.83/Black=0.16 (very precise)} 0-1

[Event "NOR-chT Eliteserien 2021-22"]
[Site "Norway"]
[Date "2022.02.05"]
[Round "5.3"]
[White "Hammer, Jon Ludvig"]
[Black "Stokke, Kjetil"]
[Result "1-0"]
[WhiteElo "2613"]
[BlackElo "2325"]
[Annotator "TA"]
[PlyCount "79"]
[EventDate "2021.10.29"]
[EventType "team-tourn"]
[EventCountry "NOR"]
[SourceTitle "playchess.com"]
[Source "ChessBase"]
[SourceQuality "1"]

{[%evp 9,79,0,15,5,3,0,26,20,27,26,21,0,0,-22,-24,-19,12,-48,-49,-56,30,30,37,37,52,50,59,78,215,198,213,210,224,223,226,231,216,188,241,239,248,213,206,208,347,275,274,281,256,264,315,262,514,523,463,483,601,601,667,659,632,624,629,469,452,482,475,418,749,762,794,745]} 1. e4 c5 2. Nf3 g6 3. c3 d5 4. e5 Nc6 5. d4 Bg4 6. Bb5 {B27: Sicilian: 2 Nf3, unusual Black 2nd moves.} cxd4 7. cxd4 Qb6 8. Bxc6+ {White has an edge.} bxc6 9. Nbd2 Qb5 {[#]} 10. a4 $146 ({Predecessor:} 10. Qe2 e6 11. h3 Bf5 12. Qxb5 cxb5 13. Nb3 Be4 14. Be3 Rc8 15. O-O Bxf3 16. gxf3 {0-1 (50) Zhou,L (2351)-Nyzhnyk,I (2683) Philadelphia 2021}) 10... Qa6 11. b4 e6 12. Ba3 Qd3 13. h3 (13. Qb1 $11 Qxb1+ 14. Rxb1) 13... Bxf3 $15 14. Nxf3 Qxd1+ (14... Qc3+ $15 15. Ke2 (15. Kf1 a5 $15) 15... a5) 15. Kxd1 $11 Rb8 16. Ke2 (16. Kd2 {feels hotter.} h5 17. Kc3 Nh6 18. Rhb1 Nf5 19. Bc1) 16... Bxb4 17. Bxb4 Rxb4 18. Rhb1 a5 {Loses the game.} (18... Rb6 $16) 19. Rxb4 $18 axb4 {[%mdl 4096] Endgame KRN-KRN} 20. Rb1 Kd7 21. Rxb4 Kc7 {[#]} 22. Ng5 $1 Nh6 23. g4 c5 (23... Kc8 {was worth a try.} 24. f3 Rg8 25. Nxh7 Kc7) 24. dxc5 Kc6 25. Kd3 Kxc5 26. Kc3 Rd8 (26... Kc6 {keeps fighting.} 27. Rb5 Kd7) 27. Rb5+ ({Weaker is} 27. Nxh7 d4+ 28. Kb3 d3 29. Rc4+ Kb6 $16) 27... Kc6 28. Nxh7 Ng8 (28... Ra8 $2 29. Kb4 $18) 29. Ng5 Ne7 30. Rb4 Kc5 $2 (30... d4+ 31. Rxd4 Nd5+ 32. Kd3 Kd7) 31. Rb7 d4+ 32. Kd3 Nd5 33. Rxf7 Nb4+ 34. Ke4 Re8 35. Rc7+ Nc6 36. Nf3 {[#] And now Nxd4 would win.} Rd8 37. Ne1 Kb6 38. Rg7 d3 (38... Nb4 $142 39. Nf3 d3) 39. Nxd3 Rd5 40. f4 {Weighted Error Value: White=0.17 (very precise) /Black=0.37} 1-0

[Event "NOR-chT Eliteserien 2021-22"]
[Site "Norway"]
[Date "2022.02.05"]
[Round "5.3"]
[White "Lund, Gunnar"]
[Black "Tryggestad, Andreas Garberg"]
[Result "0-1"]
[WhiteElo "2307"]
[BlackElo "2273"]
[Annotator "TA"]
[PlyCount "116"]
[EventDate "2021.10.29"]
[EventType "team-tourn"]
[EventCountry "NOR"]
[SourceTitle "playchess.com"]
[Source "ChessBase"]
[SourceQuality "1"]

{[%evp 9,116,0,10,0,3,16,22,-47,25,8,14,19,14,0,0,0,0,0,0,-13,-25,-18,-23,-9,-19,-38,-23,-57,-15,-18,0,0,9,5,68,41,50,12,16,-131,22,16,31,32,142,131,121,16,159,195,174,184,210,178,358,354,358,327,382,340,460,465,470,468,419,300,268,29,192,187,248,171,159,-29,0,0,0,0,0,0,0,-170,0,0,70,81,291,284,299,230,191,133,122,0,0,0,0,-364,-237,-29988,-29989,-29989,-29990,-29992,-29993,-29993,-29994,-29998,-29999]} 1. d4 Nf6 2. Nc3 d5 3. Bf4 g6 4. e3 Bg7 5. h4 h5 6. Nf3 {D00: 1 d4 d5: Unusual lines.} O-O {[%cal Oc7c5]} 7. Qd2 c5 8. dxc5 {[#]} (8. Ne5 $1 $11) 8... Nc6 $146 (8... Nbd7 $1 $15) ({Predecessor:} 8... Nbd7 9. Bd3 Nxc5 10. O-O-O Bg4 11. Kb1 a6 12. Be5 b5 13. a3 Rc8 14. Qe2 Nxd3 15. cxd3 {0-1 (35) Najer,E (2648)-Jones,G (2670) Chess.com INT 2020}) 9. O-O-O {[%cal Rc3d5]} Qa5 10. Nd4 $1 (10. Nxd5 $2 Qxa2 11. Nxe7+ (11. Nc3 $2 Qa1+ 12. Nb1 Ne4 $19) 11... Nxe7 $19) 10... Qxc5 11. f3 e5 12. Nb3 $1 {[%csl LRc5,LRd5]} Qb6 13. Bg5 Be6 14. Bxf6 (14. Na4 $5 {[%cal Ra4b6]} Qc7 15. Kb1 $11) 14... Bxf6 15. Nxd5 Bxd5 16. Qxd5 Qxe3+ 17. Qd2 Qb6 18. Bc4 Rac8 (18... Rad8 $15 19. Qe2 (19. Qh6 Rxd1+ 20. Rxd1 Ne7 $17) 19... Rxd1+ 20. Qxd1 Qf2) 19. Kb1 $11 a5 20. a4 Nb4 21. Qe2 Qc6 ({Black should try} 21... e4 $1 $11 22. Qxe4 Qc7) 22. Nd2 $1 $14 Qxa4 23. Ne4 (23. Bb3 $5 {[%cal Rb3a4]} Qc6 24. c3 $11) 23... Be7 {[%cal Ob4c2]} 24. Nc3 {[#]} (24. Bb3 $11 Qc6 25. Nc3) 24... Qc6 $2 (24... Qxc2+ $1 $17 {[%mdl 512]} 25. Qxc2 Nxc2 26. Bxf7+ Kxf7 27. Kxc2 Ke6) 25. Bb3 $11 Bf6 26. g4 hxg4 (26... e4 $1 $14 27. Qxe4 Bxc3 28. bxc3 a4 29. Qxc6 (29. cxb4 Qxe4 30. fxe4 axb3 $17) (29. Qxb4 axb3 30. Qxb3 Qxf3 $15) 29... Nxc6 30. Bxa4 hxg4) 27. fxg4 $16 {Threatens to win with g5.} e4 28. Nxe4 (28. h5 $1 $16 {[%cal Rh5g6]} Bxc3 29. hxg6 Qxg6 30. Rd6) 28... Rce8 (28... Be5 $1 $11 29. Ng5 (29. c3 a4 $11) 29... a4 30. Bxf7+ Rxf7 31. Nxf7 Qe6) 29. Nxf6+ Qxf6 30. Qb5 {[%csl LRa5,LRb7] aiming for h5.} Nc6 31. Rhf1 Qg7 (31... Qxh4 32. Qxb7 (32. Bxf7+ Rxf7 33. Rxf7 Kxf7 $11) 32... Ne5) 32. Qxb7 $18 Ne5 {[%cal Oa5a4]} 33. Rf4 Rb8 34. Qc7 Rfc8 35. Qxa5 Ra8 36. Qd5 Ra7 37. Re1 Rca8 {[%csl Ga8][%cal Ra7a1]} 38. Ba4 $2 Ra5 $2 (38... Rxa4 $11 39. Rxa4 Rxa4) 39. Qb3 R8a7 (39... Qf8 $142 40. Qc3 Qd6) 40. Rfe4 Nd7 41. Rc4 (41. h5 $1 $16 {[%cal Rh5g6] Strongly threatening hxg6.} gxh5 42. gxh5) 41... Nc5 42. Qb8+ Kh7 43. Rxc5 Rxa4 {[%csl Ga7][%cal Ra4a1]} 44. c3 {And now g5 would win.} Qf6 {( -> ...Qf2)} 45. Qg3 {Inhibits Qf2.} (45. Rc8 $1 $11 {and White stays safe.}) 45... Qb6 $2 $40 {[%mdl 128] Black mounts an attack.} (45... Qa6 $19 {White must now prevent ...Rb7.} 46. Kc2 Ra1) 46. Ree5 $1 $11 Ra2 (46... Qb3 $2 47. Rh5+ $3 {[%mdl 512]} gxh5 48. Qd3+ Kg7 49. Rg5+ Kf6 50. Qd6+ Qe6 51. Qd8+ Qe7 52. Qb6+ Qe6 53. Qd8+ Qe7 54. Qh8+ Ke6 55. Qe5+ Kd7 56. Qb5+ Kd8 57. Qb8+ Kd7 58. Rd5+ Kc6 59. Qb5+ Kc7 60. Rc5+ Qxc5 61. Qxc5+ Kd7 62. Qxh5 $18) ({Black should play} 46... Qa6 $11 47. Rh5+ gxh5 48. Rxh5+ Kg6 49. Rg5+ Kh7 50. Rh5+ Kg7 51. Rg5+ Kh7 52. Rh5+) 47. Rb5 $14 Qd8 (47... Qc6 $16 48. Kc2 Rb7) 48. Kc2 $1 $18 Rd7 (48... Ra1 $2 49. Qf3 $18) 49. Qf2 {Inhibits Rd2+.} Qa8 {Hoping for ...Qa4+.} 50. Rb4 {Inhibits Qa4+.} ({Better is} 50. c4 $18) 50... Ra1 $16 51. h5 ({Reject} 51. Rd4 $6 Qa2 $1 $11) ({White must play} 51. Re1 $1 $16) 51... Qh1 $11 {[%csl Ga1,Gd7][%cal Rh1d1]} 52. hxg6+ Kg7 {[%csl Ga1,Gd7][%cal Rh1d1] The board is on fire.} (52... fxg6 $2 {[#]} 53. Rh5+ $3 {[%mdl 512]} Kg7 54. Rxh1 $18) 53. Rd4 {[%mdl 8192] To avoid Qd1+} (53. Kb3 $11 Qb1 54. Qf5 Qa2+ 55. Kc2 Qb1+ 56. Kb3 Qa2+ 57. Kc2 Qb1+ 58. Kb3) 53... Qb1+ $19 54. Kd2 $2 (54. Kb3 $19 Rb7+ 55. Kc4 (55. Rb4 $2 Qa2+ 56. Kc2 Rxb4 $19) 55... Rc7+ 56. Kb3 (56. Rc5 $2 Qa2+ 57. Kd3 Rxc5 $19)) 54... Qxb2+ {Black mates.} 55. Ke3 Qxc3+ 56. Ke4 Re1+ 57. Kf5 fxg6+ 58. Ke6 Qc6+ {Weighted Error Value: White=0.54/Black=0.40} 0-1

[Event "NOR-chT Eliteserien 2021-22"]
[Site "Norway"]
[Date "2022.02.05"]
[Round "5.4"]
[White "Gullaksen, Eirik"]
[Black "Holm, Kristian Stuvik"]
[Result "1/2-1/2"]
[WhiteElo "2349"]
[BlackElo "2464"]
[Annotator "TA"]
[PlyCount "32"]
[EventDate "2021.10.29"]
[EventType "team-tourn"]
[EventCountry "NOR"]
[SourceTitle "playchess.com"]
[Source "ChessBase"]
[SourceQuality "1"]

{[%evp 19,32,35,39,38,38,38,37,37,39,34,46,38,46,46,54]} 1. e4 c5 2. Nf3 e6 3. d4 cxd4 4. Nxd4 Nc6 5. Nc3 Qc7 6. g3 a6 7. Bg2 d6 8. O-O Bd7 9. Re1 {[%cal Bf1e1,Be1e2,Be2d2][%mdl 32]} Be7 10. Nxc6 Bxc6 {White is slightly better.} 11. Ne2 {B47: Sicilian: Taimanov: 5 Nc3 Qc7 6 f4, 6 g3 and 6 Be2.} e5 12. Nc3 Nf6 13. Bg5 O-O {[#]} 14. Re2 $146 ({Predecessor:} 14. Bxf6 Bxf6 15. Re2 Bd8 16. Nd5 Bxd5 17. Qxd5 Qb6 18. c3 Bc7 19. Rd1 a5 20. a4 {½-½ (41) Markidis,K (2362)-Gershon,A (2556) Korinthos 2002}) 14... Qb6 15. Rb1 Rfd8 16. Rd2 h6 {Weighted Error Value: White=0.01 (flawless) /Black=0.04 (flawless)} 1/2-1/2

[Event "NOR-chT Eliteserien 2021-22"]
[Site "Norway"]
[Date "2022.02.05"]
[Round "5.4"]
[White "Torngren, Gustav"]
[Black "Royset, Pal"]
[Result "1-0"]
[WhiteElo "2229"]
[BlackElo "2146"]
[Annotator "RC"]
[PlyCount "77"]
[EventDate "2021.10.29"]
[EventType "team-tourn"]
[EventCountry "NOR"]
[SourceTitle "playchess.com"]
[Source "ChessBase"]
[SourceQuality "1"]
[TimeControl "40/5400+30:1800+30"]

1. c4 {[%emt 0:01:00]} e5 {[%emt 0:01:36]} 2. Nc3 {[%emt 0:00:00]} Nc6 {[%emt 0:00:37]} 3. e3 {[%emt 0:01:25]} Nf6 {[%emt 0:02:26]} 4. Qb3 {[%emt 0:00:11]} Bc5 {[%emt 0:03:47]} 5. g3 {[%emt 0:02:36]} O-O {[%emt 0:02:19]} 6. Bg2 {[%emt 0:00:09]} d6 {[%emt 0:07:14]} 7. Nge2 {[%emt 0:02:02]} Re8 {[%emt 0:04:51]} 8. d3 {[%emt 0:01:34]} Nb4 {[%emt 0:05:48]} 9. Nd5 {[%emt 0:01:15]} Nfxd5 {[%emt 0:05:23]} 10. cxd5 {[%emt 0:00:37]} c6 {[%emt 0:03:32]} 11. dxc6 {[%emt 0:02:29]} bxc6 {[%emt 0:01:03]} 12. a3 {[%emt 0:02:08]} Nd5 {[%emt 0:06:06]} 13. O-O {[%emt 0:05:19]} Ba6 {[%emt 0:03:15]} 14. Qc2 {[%emt 0:13:42]} Rc8 {[%emt 0:02:54]} 15. b4 {[%emt 0:00:35]} Bb6 {[%emt 0:00:46]} 16. Rd1 {[%emt 0:00:39]} Qf6 {[%emt 0:02:13]} 17. Qb3 {[%emt 0:04:08]} Qe6 {[%emt 0:05:55]} 18. Rb1 {[%emt 0:02:51]} Bb7 {[%emt 0:10:09]} 19. a4 {[%emt 0:02:52]} Qg4 {[%emt 0:02:58]} 20. Re1 {[%emt 0:04:08]} Qd7 {[%emt 0:03:19]} 21. Ba3 {[%emt 0:01:27]} h5 {[%emt 0:02:16]} 22. a5 {[%emt 0:10:41]} Bd8 {[%emt 0:00:58]} 23. e4 {[%emt 0:00:24]} Nf6 {[%emt 0:01:42]} 24. d4 {[%emt 0:00:13]} Ba6 {[%emt 0:03:29]} 25. Rbd1 {[%emt 0:04:12]} Qb7 {[%emt 0:01:19]} 26. Qa2 {[%emt 0:02:43]} d5 {[%emt 0:02:42]} 27. exd5 {[%emt 0:03:25]} cxd5 {[%emt 0:00:51]} 28. dxe5 {[%emt 0:00:19]} Rxe5 {[%emt 0:00:53]} 29. Nf4 {[%emt 0:00:52]} Bc4 {[%emt 0:01:50]} 30. Qa1 {[%emt 0:03:57]} Rxe1+ {[%emt 0:01:13]} 31. Rxe1 {[%emt 0:00:01]} Be7 {[%emt 0:01:59]} 32. Qd4 {[%emt 0:04:24]} Bxb4 {[%emt 0:02:36]} 33. Qb2 {[%emt 0:00:29]} Rb8 {[%emt 0:02:28]} 34. Rb1 {[%emt 0:00:05]} Bxa3 {[%emt 0:00:57]} 35. Qxb7 {[%emt 0:00:04]} Rxb7 {[%emt 0:00:06]} 36. Rxb7 {[%emt 0:00:09]} Bc5 {[%emt 0:01:16]} 37. Bxd5 {[%emt 0:02:40]} Nxd5 {[%emt 0:03:15]} 38. Nxd5 {[%emt 0:00:03]} Be2 {[%emt 0:01:35]} 39. Rc7 {[%emt 0:00:41]} 1-0